000 00818nam a2200241 a 4500
001 000046354
003 DO-SdBNP
005 20250124114731.0
007 ta
008 150803s2000 dr ac 000 0 spa d
020 _a9993401250
040 _aDO-SdBNP
_bspa
_cBNPHU
082 4 _222
245 0 0 _aAsistencia psicológica a niñ@s víctimas de desastres /
_ccoordinación ; Nelson Moreno-Ceballos, Ángela Martín Roca.
260 _aSanto Domingo :
_bPLAN International,
_c2000.
300 _a272 p. :
_bil., retrs. ;
_c23 cm.
500 _aIncluye datos biográficos de los autores en las solapas
504 _aBibliografía : p. 267-272
590 _aInventariado, 2022/BT
700 1 _aMartín Roca, Ángela,
_ecoor.
_974382
700 1 _aMoreno Ceballos, Nelson,
_d1946-
_ecoor.
_933018
942 _2ddc
_cLBS1
999 _c45843
_d45843